00964 2200325 4500001002100000005001500021035002000036008004100056245016500097250001000262260003800272300003100310020002200341084001400363082001000377650001900387500001400406700002600420700002100446700003300467700002500500700002000525504002700545990001100572990001100583990001100594990001100605990001100616990001100627INLIS00000000001171620220616014732 a0010-0622000226220616 g 0 ind  aBioflok Lele Kematian <3% dan Hemat Pakan 20% /cTaufik Budhi Pramono, Purnama Sukardi, Petrus Hary Tjahja Soedibya, Emyliana Listiowati; editor, Atiatul Mu'min acet.1 aJakarta :bPenebar Swadaya,c2019 a72 hal. :bilus. ;c21 cm. a978-623-225-050-5 a639.3 BIO a639.3 4aPETERNAK. LELE aGlosarium0 aTAUFIK, Budhi Pramono0 aPURNAMA, Sukardi0 aPETRUS, Hary Tjahja Soedibya0 aEMYLIANA, Listiowati0 aATIATUL, Mu'min aBibliografi : hal.7-72 a7603 a a7603 b a7603 a a7603 b a7603 b a7603 a